000 00897nam a2200253 a 4500
001 000025026
003 DO-SdBNP
005 20220916102919.0
007 ta
008 110209s1998 dr r 000 0 spa d
040 _aDO-SdBNP
_bspa
_cBNPHU
082 4 _a929.2
_bV162b
_222
100 1 _aValera Valdez, Vetilio Manuel,
_d1955-
_951356
245 1 0 _aBaní :
_braíces históricas genealogía de familias Banilejas /
_cVetilio Manuel Valera Valdez ; prólogo Héctor Colombino Perelló.
260 _aSanto Domingo :
_bTaller,
_c1998.
300 _a482 p. ;
_c28 cm.
590 _aInventariado, 2019/BT
650 4 _aParentesco
_92156
651 4 _aBaní (República Dominicana{Rpara}
_xGenealogía
_951357
651 4 _aRepública Dominicana
_xGenealogía
_92157
700 1 _aColombino Perelló, Héctor,
_epról.
_925851
910 _aValidado. Control de calidad. MMOLINA
942 _2ddc
_cLBS1
999 _c24519
_d24519